Statystyki dla 20 Największych miast Europy (ze zdjęciami)

Kliknij tutaj aby rozwiązać quiz!

Ogólne statystyki

  • Ten quiz został rozwiązany 121 razy
  • Średni wynik to 14 z 20

Statystyki odpowiedzi

Odpowiedź% Poprawnych
Londyn
99%
Moskwa
99%
Warszawa
97%
Paryż
96%
Berlin
93%
Rzym
91%
Madryt
88%
Kijów
82%
Budapeszt
75%
Barcelona
72%
Wiedeń
69%
Bukareszt
64%
Mediolan
63%
Monachium
57%
Stambuł
54%
Sankt Petersburg / Petersburg
53%
Hamburg
51%
Mińsk
46%
Charków
29%
Belgrad
25%

Rozkład punktacji

Percentyl według liczby udzielonych odpowiedzi

Procent ludzi z każdym wynikiem

Twoja historia wyników

Nie rozwiązałeś tego quizu